Borges enamorado: ensayos críticos, diálogos con Borges, rescate y glosa de textos de Borges y sobre Borges, bibliografía

Guardat en:
Dades bibliogràfiques
Autor principal: Cobo Borda, Juan Gustavo (Autor)
Format: Llibre
Idioma:espanyol
Publicat: Bogotá Instituto Caro y Cuervo 1999
Col·lecció:Serie La Granada Entreabierta, 87
Matèries:
Etiquetes: Afegir etiqueta
Sense etiquetes, Sigues el primer a etiquetar aquest registre!

MARC

LEADER 00000nam a2200000 a 4500
001 UCO8410
003 CL-VaPUC
008 001207e19990000CK |||||||||||||||||spa|d
082 0 4 |a Ar863.09  |b COB  |2 21 
100 0 |a Cobo Borda, Juan Gustavo  |e author  |9 453339 
245 1 0 |a Borges enamorado: ensayos críticos, diálogos con Borges, rescate y glosa de textos de Borges y sobre Borges, bibliografía 
300 |a 397 p 
942 |c BK 
945 |d 20001207 00:00:00  |a vberengu 
260 |a Bogotá  |b Instituto Caro y Cuervo  |c 1999 
600 0 |a Borges, Jorge Luis  |e autor  |9 322093 
650 0 |a Ensayos  |9 268724 
650 0 |a Historia y crítica   |9 257407 
583 |a last modification  |c 20001207 00:00:00  |k Rodrigo Vera 
490 0 |a Serie La Granada Entreabierta, 87 
999 |c 293075  |d 293073 
952 |0 0  |1 0  |4 0  |6 AR_863_090000000000000_COB_1999  |7 0  |8 A  |9 344251  |a BIBEDU  |b BIBEDU  |d 2019-11-20  |i 3695972  |o Ar863.09 COB 1999  |p 3695972  |r 2019-11-20  |w 2019-11-20  |y BK  |k LIT